Регионална библиотека "Любен Каравелов" - Русе

Родопско народно изкуство (Запис номер 210262)

MARC детайли
000 -Лидер
Контролно поле с фиксирана дължина 01845nkm a2200409 c 4500
003 - Код на организацията, давaща контролен номер
Контролно поле BLK
005 - Дата и час на последна редакция
Контролно поле 20221028171713.0
008 - Елементи от данни с фиксирана дължина
fixed length control field 180412b bul rap|r|||| r0| ||bulo|
010 ## - Наследен системен номер
LC control number KNG00163788000
040 ## - Източник на каталожния запис
Идентификатор на билиотеката - собственик на записа BLK
041 ## - Код за език
Код за езика на текст/звукозапис или на отделно заглавие Български
Код за езика КДБФ Български
080 ## - УДК
Текстов определител УДК Художествени тъкани. Текстилно изкуство
УДК код - определител по УДК 745.52
УДК определител (497.2)
УДК - код + определител 745.52(497.2)
080 ## - УДК
Текстов определител УДК Художествена обработка на метали
УДК код - определител по УДК 739
УДК определител (497.2)
УДК - код + определител 739(497.2)
080 ## - УДК
Текстов определител УДК Облекло. Носия. Мода. Накит. Вж и 613.4 ; 646 ; 687
УДК код - определител по УДК 391
УДК - код + определител 391
100 1# - Редна дума - Автор
Автор Кръстева, Гина
Авторска отговорност първи автор
R(LIN) 352363
139 ## - Редно поле
Редна дума Кръстева, Гина и др.
Авторски знак Кръ - К 92
245 10 - Сведения за заглавието
Заглавие Родопско народно изкуство
Подзаглавни данни Тъкани и медникарство
Редно поле (дума) Гина Кръстева; съавт. Анастас Примовски.
257 ## - Страна на издаване
Страна на създаване/издаване България
260 ## - Област на издателските данни
Име на издателя, разпространителя и проч. Бълг. художник
Година на издаване 1971
Място на издаване, разпространение и проч. София
300 ## - Физическа характеристика
Страници 200 с.
Илюстрации и др. с ил.
Размери/Мащаб 27 см
380 ## - Жанр
Жанр Изкуство
500 ## - Общи забележки
Забележка Библиогр. с. 21-23. - Бел. към текст. - Рез. на фр. и нем.
650 #4 - Допълнително описание по предмет – тема
Основно описание – тема или топоним Тъкани, художествени
9 (RLIN) 270976
650 #4 - Допълнително описание по предмет – тема
Основно описание – тема или топоним Художествена обработка на метали
9 (RLIN) 304872
650 #4 - Допълнително описание по предмет – тема
Основно описание – тема или топоним Народни носии, български
9 (RLIN) 262386
651 #4 - Допълнително описание по предмет - топоним
Географско понятие България
9 (RLIN) 241624
653 ## - Ключова дума – ненормативна
Ключова дума художествени тъкани
653 ## - Ключова дума – ненормативна
Ключова дума медникарство
653 ## - Ключова дума – ненормативна
Ключова дума народни носии
653 ## - Ключова дума – ненормативна
Ключова дума Родопски край
700 1# - Други автори (авторска отговорност)
Лично име Примовски, Анастас
Автороска отговорност (Описва отношението между автора и произведението) съавт.
9 (RLIN) 382074
852 ## - Местоположение
Форматна сигнатура Цб ІІ 26475
Фондова буква Хранилище
856 4# - Електронен адрес и достъп
Електронен формат pdf - файл
Път до файла /url/
856 4# - Електронен адрес и достъп
Електронен формат pdf - файл
Път до файла /url/
999 ## - СИСТЕМНИ КОНТРОЛНИ НОМЕРА
Koha biblionumber 210262
Koha biblioitemnumber 210262
942 ## - АРТИКУЛИ
Вид на библиотечния материал Графични издания
Скрит в OPAC Не
Периодичен библиозапис Да
Koha issues (borrowed), all copies 2
944 ## - СЪЗДАВАНЕ И РЕДАКЦИЯ на ЗАПИСА
Създаване/Редакция Създаване
Дата на регистрацията/редакция 25.07.2014
Статус, дата на статуса 25.07.2014 - от С1,Р / 25.07.2014
Служител, извършил регистрацията/редакцията Камелия_Данева
944 ## - СЪЗДАВАНЕ И РЕДАКЦИЯ на ЗАПИСА
Създаване/Редакция Редакция
Дата на регистрацията/редакция 25.07.2014
Статус, дата на статуса 25.07.2014 - от С1,Р / 25.07.2014
999 ## - СИСТЕМНИ КОНТРОЛНИ НОМЕРА
Koha biblioitemnumber 210262
999 ## - СИСТЕМНИ КОНТРОЛНИ НОМЕРА
Koha biblioitemnumber 210262
Наличности
Код за отписване Код за изгубен артикул Източник на класификационната схема Код за повреда Коз за рестрикции Код за отдаване Артикулен № Име на библиотеката - собственик Име на библиотеката, в която се намира в момента Статус (Текущо местоположение) Дата на вписване в системата Местоположение - отдел Цена в лева Инвентарен номер Систематично азбучна сигнатура Баркод Номер на екземпляра Цена в евро Служебна бележка Служебен тип на артикула
  Не е изгубен Universal Decimal Classification Не е повреден само за читалня ползва се в читалня 361791 Регионална библиотека "Любен Каравелов" Русе Регионална библиотека "Любен Каравелов" Русе Хранилище 1971-01-01 Хранилище 8.00 99274 Цб ІІ 26475 120000099274 1 4.09 Дост: Dp Вид: Д N: стар фонд Дата: 01.01.1971 Графични издания
  Не е изгубен Universal Decimal Classification Не е повреден без рестрикции заемане за дома 361792 Регионална библиотека "Любен Каравелов" Русе Регионална библиотека "Любен Каравелов" Русе Отдел Изкуство - подръчен фонд 1971-01-01 Отдел Изкуство - подръчен фонд 8.00 99499 745/749(497.2)/К 92 Г 120000099499 2 4.09 Дост: Pk Вид: Ф N: стар фонд Дата: 01.01.1971 Дата инв: 03.06.2015 Бележки инв: ГрИ2015 Графични издания
Vip Innovations Ltd, Rousse, Bulgaria 2025